Determinación de niveles de inmunoglobulina a salival en niños con y sin caries de la ciudad de cartagena de indias en el año 2017 / (Registro nro. 3045)

Detalles MARC
000 -LEADER
fixed length control field 01267nam a2200229 4500
001 - CONTROL NUMBER
control field 0000010710
005 - DATE AND TIME OF LATEST TRANSACTION
control field 20250329165417.0
008 - FIXED-LENGTH DATA ELEMENTS--GENERAL INFORMATION
fixed length control field 180403s2017 000 0 eng d
040 ## - CATALOGING SOURCE
Original cataloging agency CO-CtgCURN
Language of cataloging spa
Transcribing agency coctgcurn
082 0# - DEWEY DECIMAL CLASSIFICATION NUMBER
Classification number BAC 2017
Item number A719
100 1# - MAIN ENTRY--PERSONAL NAME
Personal name Ariza Díaz, Ireyin Lauren.
245 10 - TITLE STATEMENT
Title Determinación de niveles de inmunoglobulina a salival en niños con y sin caries de la ciudad de cartagena de indias en el año 2017 /
Statement of responsibility, etc. Ireyin Lauren Ariza Díaz; Ruth Elena Paba Florez; Katerine Herrera Rivera; Directora: Doris Olier Castillo.
260 ## - PUBLICATION, DISTRIBUTION, ETC.
Place of publication, distribution, etc. Cartagena de Indias :
Name of publisher, distributor, etc. Corporación Universitaria Rafael Nuñez,
Date of publication, distribution, etc. 2017.
504 ## - BIBLIOGRAPHY, ETC. NOTE
Bibliography, etc. note Trabajo de grado (Bacteriologia). Corporación Universitaria Rafael Nuñez. Facultad de Ciencias de la Salud. Bacteriologia 2017.
650 #0 - SUBJECT ADDED ENTRY--TOPICAL TERM
Topical term or geographic name entry element Bacteriologia
Form subdivision Tesis y disertaciones academicas.
700 1# - ADDED ENTRY--PERSONAL NAME
Personal name Paba Florez, Ruth Elena.
700 1# - ADDED ENTRY--PERSONAL NAME
Personal name Herrera Rivera, Katerine.
700 1# - ADDED ENTRY--PERSONAL NAME
Personal name Olier Castillo, Doris,
Relator term Directora.
856 ## - ELECTRONIC LOCATION AND ACCESS
Uniform Resource Identifier <a href="https://unicurn.sharepoint.com/:b:/s/biblioteca/EUjI9nwVkLVDpFKPMozmTqUBnAbK-5aCMIG4oSQOqG3Yug?e=sCWmtK">https://unicurn.sharepoint.com/:b:/s/biblioteca/EUjI9nwVkLVDpFKPMozmTqUBnAbK-5aCMIG4oSQOqG3Yug?e=sCWmtK</a>
Public note Click aqui para ver el recurso en texto completo
942 ## - ADDED ENTRY ELEMENTS (KOHA)
Source of classification or shelving scheme Dewey Decimal Classification
Koha item type Trabajos de grado
Classification part BAC 2017
Item part A719
Existencias
Withdrawn status Lost status Damaged status Not for loan Collection Home library Current library Shelving location Date acquired Cost, normal purchase price Inventory number Total checkouts Full call number Barcode Date last seen Price effective from Koha item type
        Trabajos de grado Miguel Henríquez Emiliani Miguel Henríquez Emiliani Trabajo de grado 09/23/2018 35000.00 017917   BAC 2017 A719 017917 03/29/2025 03/29/2025 Trabajos de grado